Minnesota Twins 2024 Opening Day Lineup - Statistics

General Stats
  • This quiz has been taken 87 times
  • The average score is 8 of 10
Answer Stats
Position Player % Correct
CF Byron Buxton
98%
SS Carlos Correa
96%
3B Royce Lewis
93%
RF Max Kepler
89%
SP Pablo Lopez
89%
C Ryan Jeffers
89%
1B Carlos Santana
82%
LF Willi Castro
60%
2B Kyle Farmer
49%
DH Manuel Margot
39%
No matching quizzes found
Score Distribution
Percent of People with Each Score
Percentile by Number Answered
Your Score History
You have not taken this quiz